[Event "RSA-ch U16 Girls"]
[Site "Bloemfontein"]
[Date "2016.03.22"]
[Round "4"]
[White "Mei, Allenique"]
[Black "Mabitsela, Mirinda"]
[Result "0-1"]
[WhiteElo "710"]
[BlackElo "1028"]
[PlyCount "55"]
[EventDate "2016.03.20"]
[EventType "swiss"]
[EventRounds "11"]
[EventCountry "RSA"]
[SourceTitle "CBM 171 Extra"]
[Source "ChessBase"]
[SourceDate "2016.04.26"]
[SourceVersion "1"]
[SourceVersionDate "2016.04.26"]
[SourceQuality "1"]

1. e4 e5 2. Nc3 Bc5 3. Bc4 Nf6 4. Nf3 d6 5. d3 Nc6 6. 0-0 0-0 7. Re1 Ng4 8. Be3 Bb6 9. h3 Nxe3 10. fxe3 Be6 11. Na4 Ba5 12. c3 Qd7 13. Ng5 h6 14. Nxe6 fxe6 15. d4 exd4 16. exd4 Ne7 17. d5 exd5 18. exd5 Rf7 19. b3 b5 20. b4 Bxb4 21. cxb4 bxc4 22. Qh5 Qxa4 23. Rf1 Rff8 24. Rfe1 Qxb4 25. Qh4 Qc5+ 26. Kh2 Nxd5 27. Qg4 Ne3 28. Qe6+ 0-1